000 00540nam a22001937a 4500
003 KOHA_MİRAKIL
005 20251116130728.0
008 251116b tu ||||| |||| 00| 0 tur d
020 _a9786053265283
040 _aTR-AnABB
_btur
_cTR-AnABB
041 _atur
082 _a813.42
_bRAM 2021
100 1 _aRamazanoğlu, Yıldız,
245 1 0 _aİkna odası /
_cYıldız Ramazanoğlu
260 _aİstanbul :
_bİz Yayıncılık,
_c2021
300 _a125 sayfa ;
_c20 cm
650 0 4 _aTürk edebiyatı, roman
942 _2ddc
_cBK
999 _c9417
_d9417
900 _bGizem YORULMAZ